| 000 | 00548nam a2200229Ia 4500 | ||
|---|---|---|---|
| 005 | 20250506172821.0 | ||
| 008 | 008 250505s9999 xx 000 0 eng d | ||
| 020 | _a9789351438359 | ||
| 037 | _aTB | ||
| 040 |
_aILCL _beng _cILCL |
||
| 041 |
_aeng _2eng |
||
| 082 | _qILCL | ||
| 084 | _aZ2,1227 Q6 | ||
| 100 | _aDiwan, Paras | ||
| 245 | 0 | _aLaw of Marriage & Divorce | |
| 250 | _a7 | ||
| 260 |
_aHaryana _bLexis Nexis _c2011 |
||
| 300 | _acxi,1294p. | ||
| 365 | _aINR | ||
| 942 |
_cTB _2Colon Classification |
||
| 999 |
_c1312116 _d1312116 |
||